Animal world its attack and defence (Record no. 1327566)

MARC details
000 -LEADER
fixed length control field 00492nam a2200169Ia 4500
005 - DATE AND TIME OF LATEST TRANSACTION
control field 20250508151109.0
008 - FIXED-LENGTH DATA ELEMENTS--GENERAL INFORMATION
fixed length control field 008 250505s9999 xx 000 0 eng d
037 ## - SOURCE OF ACQUISITION
Stock number Books to be hide in OPAC
040 ## - CATALOGING SOURCE
Original cataloging agency FEDL
Language of cataloging eng
Transcribing agency FEDL
041 ## - LANGUAGE CODE
Language code of text/sound track or separate title eng
Source of code eng
084 ## - COLON CLASSIFICATION NUMBER
Classification number 599, ENN/O
Assigning agency FEDL
100 ## - MAIN ENTRY--PERSONAL NAME
Personal name Ennion E A R
9 (RLIN) 758412
245 #0 - TITLE STATEMENT
Title Animal world its attack and defence
260 ## - PUBLICATION, DISTRIBUTION, ETC.
Place of publication, distribution, etc. London, UK
Name of publisher, distributor, etc. Raphael Tuck and Sons Ltd.
942 ## - ADDED ENTRY ELEMENTS (KOHA)
Koha item type Books to be hide in OPAC
Classification part 599, ENN/O
Holdings
Withdrawn status Lost status Damaged status Not for loan Home library Current library Date acquired Total Checkouts Full call number Barcode Date last seen Price effective from Koha item type
        Department of Education Library Department of Education Library 2025-05-08   599, ENN/O EL0007462 2025-05-08 2025-05-08 Books to be hide in OPAC
Copyright @ Delhi University Library System